Psychological Tests Containing the Name of a U.S. State - Statistics

General Stats
  • This quiz has been taken 5 times
  • The average score is 6 of 10
Answer Stats
State Test Name % Correct
California Verbal Learning Test
80%
Minnesota Multiphasic Personality Inventory
80%
Texas Revised Inventory of Grief
80%
Florida Obsessive-Compulsive Inventory
60%
Illinois Test of Psycholinguistic Abilities
60%
Iowa Gambling Task
60%
Michigan Alcoholism Screening Test
60%
Wisconsin Card Sorting Test
60%
Alabama Parenting Questionnaire
40%
Kentucky Inventory of Mindfulness Skills
40%
No matching quizzes found
Score Distribution
Percent of People with Each Score
Percentile by Number Answered
Your Score History
You have not taken this quiz